[Event "ARG-ch"]
[Site "Buenos Aires"]
[Date "1998.04.26"]
[Round "10"]
[White "Spangenberg, Hugo"]
[Black "Soppe, Guillermo"]
[Result "1-0"]
[WhiteElo "2530"]
[BlackElo "2455"]
[Annotator "Mikhalevski,V"]
[PlyCount "59"]
[EventDate "1998.04.15"]
[EventType "tourn"]
[EventRounds "15"]
[EventCountry "ARG"]
[EventCategory "9"]
[SourceTitle "CBM 065"]
[Source "ChessBase"]
[SourceDate "1998.08.06"]
[SourceVersion "1"]
[SourceVersionDate "1998.08.06"]
[SourceQuality "1"]

1. e4 e5 2. Nf3 Nc6 3. d4 exd4 4. Nxd4 Nf6 5. Nxc6 bxc6 6. Bd3 d5 7. e5 Ng4 8.
O-O (8. Qe2 Bc5 9. O-O Qe7 10. Bf4 g5 11. Bd2 (11. Bg3 $6 h5 12. e6 Bxe6 13. h3
h4 14. Be5 Nxe5 15. Qxe5 Kd7 16. Nc3 g4 17. hxg4 Rag8 18. Na4 Bd6 19. Qe3 Rxg4
20. f4 h3 21. g3 d4 22. Qf3 Rhg8 23. Kf2 Bd5 24. Bf5+ Kd8 25. Qe2 Rxg3 26.
Qxe7+ {0-1 Vognsen,H-Samaritani,F/DEN-chB 1993}) 11... Kf8 12. b4 Bd4 13. c3
Bxe5 $6 (13... Qxe5 $142 14. Qxe5 Bxe5 15. h3 Bh2+ $1 16. Kh1 Ne5 17. Bc2 Bf4)
14. h3 Nf6 15. Bxg5 h6 16. Bh4 Rg8 17. Kh1 Qe6 18. f4 Bd6 19. Qxe6 Bxe6 20.
Bxf6 Rg3 21. Be2 Rxc3 22. Bxc3 {1-0 Boe,M-Aagaard,J/Ringsted m 1995}) 8... Be6
{Looks like loss of tempo.8...Bc5 and 8...Qh4 are more logical.} (8... Qh4 9.
h3 (9. Bf4 Bc5 10. Bg3 Qe7 11. h3 Nh6 12. Qh5 Qe6 13. Nd2 Nf5 14. Bh2 g6 15.
Qf3 O-O 16. Qf4 Rb8 17. Nb3 Be7 18. c4 Rb4 19. Rac1 Re8 20. Bxf5 Qxf5 21. Qxf5
Bxf5 22. cxd5 cxd5 23. Rxc7 a5 24. Nxa5 Rxb2 25. Nb7 Bd8 26. Nxd8 Rxd8 27. g4
Be6 28. Bf4 h5 29. gxh5 gxh5 30. Kh2 Kh7 31. Rc3 d4 32. Rc6 Ra8 33. Rd6 Ra4 {
Vavpetic,V-Basagic,V/Ljubljana op 1994/1/2-1/2 (44)}) 9... h5 10. Qe2 Bc5 11.
Nd2 Qg3 12. Nf3 h4 (12... Rb8 13. Bg5 Rxb2 14. Bh4 Qf4 15. g3 Qh6 16. Bg5 Qe6
17. hxg4 Qxg4 18. Be3 Bxe3 19. Qxe3 h4 20. Nh2 Qa4 21. Rfb1 Qb4 22. Qe1 Qxe1+
23. Rxe1 hxg3 24. fxg3 c5 25. Reb1 Rb6 26. Nf3 c4 27. Be2 Bf5 28. Rxb6 axb6 29.
Nd4 Be4 30. Bf3 c5 31. Bxe4 dxe4 32. Nf5 Kd7 33. Nd6 Ke6 34. Nxc4 b5 35. Nd6 f6
36. Nxe4 Kxe5 37. Nxc5 {Koeller,O-Jacob,B/Hessen-Saarland 1994/1-0 (70)}) (
12... Nxf2 13. Rxf2 Bxf2+ 14. Qxf2 Qxf2+ 15. Kxf2 O-O 16. Be3 a5 17. Re1 Re8
18. Bc5 Rb8 19. b3 Bd7 20. Ke3 g6 21. Kd4 Kg7 22. Rf1 a4 23. Ng5 Be6 24. Rf6
axb3 25. cxb3 Ra8 26. a4 Ra5 27. h4 Raa8 28. Bc2 Ra5 29. b4 Raa8 30. a5 Ra6 31.
Bd3 Raa8 32. a6 Rab8 33. a7 Ra8 34. Bxg6 {1-0 Jensson,E-Kristjansson,S/
Hafnarfjordur op 1996}) 13. b4 Bb6 14. c4 (14. a4 Nxf2 15. Rxf2 Bxh3 16. Be3
Bg4 17. Bxb6 axb6 18. e6 O-O-O 19. e7 Rde8 20. Qe5 f6 21. Qxg3 hxg3 22. Re2 Rh6
23. Re3 Kb7 24. Ne1 f5 25. Rxg3 Rxe7 26. Kf2 Rhe6 27. Nf3 c5 28. bxc5 bxc5 29.
Rb1+ Rb6 30. Rxb6+ Kxb6 31. Nh4 {1-0 Klavins,J-Viark/Minsk zt 1957}) 14... dxc4
15. Be4 $5 $146 (15. Bxc4 Rh5 16. e6 Re5 (16... f6 17. hxg4 h3 18. Ne1 hxg2 19.
gxh5 gxf1=Q+ 20. Kxf1 Qh2 21. Qf3 Bb7 22. Bf4 Qh4 23. Rd1 Rd8 24. Rxd8+ Kxd8
25. Ng2 Qh1+ 26. Ke2 a5 27. Qd3+ Kc8 28. e7 Qxh5+ 29. Kd2 {1-0 Blauert,J-Micic,
J/Dortmund op-A 1992}) 17. exf7+ Kf8 18. Qd2 Be6 $44 {Zdanov-Baturinskij,corr
1957}) 15... Kf8 16. a4 a5 17. bxa5 Ba7 18. Ra3 c3 19. Rxc3 Rh5 20. Ba3+ Kg8
21. Bc5 Bxc5 22. Rxc5 Qf4 23. hxg4 {1-0 Sveshnikov,E-Carlhammar,M/Peer Gynt
1992}) (8... Bc5 9. Qe2 Qe7 (9... Qh4 {see8...Qh4}) 10. Bf4 g5 11. Bd2 {
The same position you can see in 8.Qe2.} Nxe5 $5 12. Re1 Bd6 13. Bc3 f6 14. Nd2
Kd8 15. Nf3 Nxf3+ 16. Qxf3 Be5 17. Bf5 Re8 18. Qh3 Bxf5 19. Qxf5 Rb8 20. Bxe5
fxe5 21. b3 h6 22. Qd3 Qd6 23. Rad1 Re7 24. c3 Ke8 25. Re3 Rd8 26. Rde1 Rdd7
27. Qa6 d4 28. cxd4 exd4 29. Qc8+ Kf7 30. Rf3+ Kg7 31. Qf8+ Kh7 32. Rd1 Qe6 33.
h4 g4 34. Rf6 {1-0 Bouzo Alvarez,J-Garcia Vicente,N/Open, Malaga ESP 1998}) 9.
Qe2 (9. Bf4 $6 g5 10. Bg3 h5 11. h3 h4 12. Bh2 Nxh2 13. Kxh2 Bg7 14. Qe2 Rb8
15. Nd2 Rb4 16. c4 Rxb2 17. Rab1 Rxa2 18. Rfd1 g4 19. hxg4 Qg5 20. cxd5 cxd5
21. Bf5 O-O 22. Qd3 Bxe5+ 23. Kg1 Bxf5 24. gxf5 Qf4 25. Qxd5 Qh2+ 26. Kf1 Re8
27. Qxa2 Bd6 28. Ne4 Rxe4 29. Rb8+ Kg7 30. f6+ Kxf6 31. Rxd6+ cxd6 32. f3 Re1+
{0-1 Van der Wel,R-Nieuwelink,K/NLD-chT9495 1994}) 9... Qh4 (9... h5 $6 {
doesn't seem good.} 10. Nd2 Bc5 (10... Qd7 11. Nf3 c5 12. c4 d4 13. Bf4 Rb8 14.
Ng5 Be7 15. Nxe6 Qxe6 16. Be4 g5 17. f3 gxf4 18. fxg4 hxg4 19. Rxf4 Rxh2 20.
Rxg4 Qh6 21. Re1 Bh4 22. Kxh2 Bf2+ {0-1 Schmaltz,R-Jaeschke,B/Ladenburg BM 1992
}) 11. Nf3 Rb8 12. c3 Qd7 13. b4 Bb6 14. a4 a5 15. b5 cxb5 16. axb5 Bf5 17.
Bxf5 Qxf5 18. Nd4 Bxd4 19. cxd4 O-O 20. Rxa5 Rb6 21. Ra6 Rfb8 22. h3 Nh6 23.
Bxh6 gxh6 24. Rxb6 Rxb6 25. Rc1 Rg6 26. Qe3 Kg7 27. Rxc7 Qb1+ 28. Kh2 Qf1 {
1-0 Borge,N-Sobjerg,E/Norresundby op 1993}) 10. h3 h5 11. Bf4 (11. Nd2 $142 $5
Bc5 12. Nf3 Qg3 13. b4 {and Black get well known position with Be6 instead
h5-h4.}) 11... Bc5 {[%csl Rf4][%cal Gg4f2]} 12. Qf3 (12. Qd2 $5 {[%cal Gf4g5]}
Rb8 (12... f6 13. exf6 gxf6 14. Bxc7 {[%cal Gd2f4]}) 13. Bg5 Bxf2+ (13... Qg3
14. hxg4 hxg4 15. Qf4) 14. Rxf2 (14. Kh1 Qg3 15. Bf4 (15. Qf4 $2 Qxf4 16. Bxf4
Bd4 $19) 15... Qh4 16. Bg5 Qg3 $11) 14... Qxf2+ 15. Qxf2 Nxf2 16. Kxf2 Rxb2 $13
) (12. b4 $5 Bxb4 (12... Bb6 13. Qd2) 13. Bg3 Qg5 14. f4 Bc5+ 15. Kh1 (15. Bf2
Qxf4 {[%cal Rf4h2]} 16. hxg4 Bxf2+ 17. Rxf2 (17. Qxf2 Qxe5 {[%cal Ge5a1,Gh5g4]}
) 17... Qg5 $5 $40 (17... Qc1+ 18. Rf1 Qb2 19. Nd2 hxg4 {[%cal Gb2d4]} 20. Nb3
$1 $13)) 15... Qe7 (15... Qh6 $5 16. Bh4 $140 Ne3 $1 17. Bg5 Bg4 $3 $13) 16. f5
Bc8 17. Nd2 $36) 12... Bd4 $1 13. Bg3 (13. c3 $2 Nxe5 (13... Bxe5 $2 14. Bg3 $1
Qg5 15. Re1 $1 {[%cal Gh3g4]} (15. hxg4 $2 hxg4 16. Qe2 Bf4 $3 $19 (16... Qh6
17. f4 $1)) 15... Bxg3 $140 $6 16. Qxg3 {[%cal Gg3g5]}) 14. Bxe5 Bxe5 15. Re1
Qf4 $17) 13... Qg5 (13... Nxe5 $5 14. Bxh4 (14. Bxe5 Bxe5 $17) 14... Nxf3+ 15.
gxf3 Bxb2 16. Nd2 Bxa1 17. Rxa1 Bxh3 (17... Rb8 $5) 18. Re1+ $36) 14. hxg4 (14.
Bf4 Qh4 (14... Nxe5 15. Bxg5 Nxf3+ 16. gxf3 Bxb2 17. Nd2 Bxa1 18. Rxa1 Bxh3 19.
Re1+ $36)) 14... Bxb2 $1 (14... hxg4 15. Qf4 $8 Qh5 16. Bh2 Bxb2 17. Nd2 Bxa1
18. Rxa1 $14) 15. Bf4 $1 {[]} (15. Nd2 Qxd2) 15... hxg4 $6 (15... Qh4 $142 {
[%cal Rb2a1,Rh5g4]} 16. g3 $1 {[]} (16. Bg3 $2 hxg4 17. Bxh4 gxf3 $19) 16...
hxg4 (16... Qh2+ 17. Kxh2 hxg4+ 18. Kg1 gxf3 19. Nd2 $14) 17. Qg2 Qe7 18. Nd2
Bxa1 19. Rxa1 Rb8 $13) 16. Bxg5 $8 (16. Qg3 $2 Qh5) 16... gxf3 17. Nd2 fxg2 18.
Kxg2 Bh3+ 19. Kg1 $1 (19. Kf3 $6 Bxf1 20. Rxf1 Bxe5 21. Re1 f6 22. Bf4 Kf7 $1 (
22... O-O $5) 23. Bxe5 Rae8 $1) 19... Rh5 $1 (19... Bxf1 20. Rxf1 Bxe5 $140 21.
Re1 f6 22. Nf3) 20. Bf4 (20. f4 $2 Bd4+ 21. Rf2 Bxa1) 20... Kd7 (20... Bxf1 $5
21. Rxf1 Rh4 $1 22. Bg3 (22. Rb1 Bc3) 22... Ra4 {[%csl Ra2]} 23. Kg2 Rxa2 24.
Rh1 Ke7 $13) 21. Rae1 (21. Rfe1 $142 $5 Bxa1 22. Rxa1) 21... Rah8 (21... Bxf1
22. Nxf1 {[%cal Gf1g3,Gd3f5]}) 22. Re2 Bxf1 23. Kxf1 {[%csl Rc5][%cal Gd2b3,
Gb3c5]} (23. Nxf1 $5 {[%cal Gf1g3]}) 23... Rh1+ $6 (23... c5 $142) 24. Kg2 Ra1
$2 {[%csl Rd7]} (24... R1h4 $142) 25. Nb3 Rxa2 26. Nc5+ Kc8 $6 (26... Ke8 $5)
27. c4 $1 $16 {[%cal Ge2a2]} Rh4 $2 (27... g6 $8 28. Bb1 Ra5 (28... Bxe5 29.
Rxe5 $18) 29. Nb3 Bc3 30. Nxa5 Bxa5 31. e6 $18) 28. e6 $1 $18 fxe6 29. Rxe6 Rh8
(29... Kd8 30. Bg5+ Bf6 31. Bg6 $1 $18) 30. Rxc6 1-0

[Event "CRO-ch 6th"]
[Site "Pula"]
[Date "1998.01.14"]
[Round "6"]
[White "Palac, Mladen"]
[Black "Rogic, Davor"]
[Result "1/2-1/2"]
[WhiteElo "2545"]
[BlackElo "2445"]
[Annotator "Mikhalevski,V"]
[PlyCount "65"]
[EventDate "1998.01.09"]
[EventType "tourn"]
[EventRounds "13"]
[EventCountry "CRO"]
[EventCategory "9"]
[SourceTitle "CBM 064"]
[Source "ChessBase"]
[SourceDate "1998.06.02"]
[SourceVersion "1"]
[SourceVersionDate "1998.06.02"]
[SourceQuality "1"]

1. e4 e5 2. Nf3 Nc6 3. d4 exd4 4. Nxd4 Nf6 5. Nxc6 bxc6 6. e5 Qe7 7. Qe2 Nd5 8.
c4 Nb6 9. Nd2 Qe6 10. b3 Be7 11. Bb2 O-O 12. Qe4 ({Another possibility is
developing of the bishop to the /^a8-h1.} 12. g3 d5 13. exd6 cxd6 14. Qxe6 Bxe6
15. Bg2 d5 16. cxd5 cxd5 17. O-O Rfc8 18. Nf3 Rc2 19. Bd4 Rac8 20. a4 R8c7 21.
Be5 Rc8 22. Nd4 Rd2 23. Rae1 Rd3 24. Rd1 Rxd1 25. Rxd1 Nd7 26. Bf4 Nf6 27. Nb5
Rc2 28. Be3 a6 29. Nd4 Rc3 30. Bf1 Bg4 31. Re1 Bc5 32. Bxa6 Bxd4 33. Bxd4 Rxb3
34. a5 $16 {1-0 Oll,L-Garcia,G/New York op 1997 (43)}) 12... d5 13. exd6 cxd6
14. Bd3 a5 {Rare continuation.Usually black plays 14...d5.White has minimal 
advantage in view of slightly better pawn structure.} (14... d5 15. cxd5 cxd5
16. Qxe6 fxe6 (16... Bxe6 17. O-O Rac8 (17... Nd7 18. Nf3 Nc5 19. Be2 Rfe8 20.
Rfd1 Ne4 21. Rac1 Bc5 22. Bd4 Bb6 23. Bb5 Rec8 24. Bc6 Rab8 25. Bxb6 axb6 26.
Nd4 Rd8 27. b4 Kf8 28. a4 Bc8 29. f3 Nf6 30. Rb1 Ba6 31. a5 bxa5 32. bxa5 Nd7
33. Bxd7 Rxb1 34. Rxb1 Rxd7 35. Rb6 Bc4 36. a6 {1-0 Weber,B-Falk,T/Hessen-ch
qual 1994}) 18. Nf3 Nd7 19. Rac1 Nc5 20. Bb5 Bg4 21. Ne5 Bf6 22. Nxg4 Bxb2 23.
Rc2 Ba3 24. Ne3 d4 25. Nf5 Ne6 26. Rxc8 Rxc8 27. Bc4 Rd8 28. Rd1 Bc5 29. g3 g6
30. Bxe6 fxe6 31. Ne3 Kf7 32. Nc4 Kf6 33. Kg2 e5 34. Kf3 Kf5 35. Re1 Rd5 36.
g4+ Ke6 37. Rd1 Rd8 38. Ke2 e4 39. Nd2 Kd5 40. Rc1 Rf8 41. Nxe4 Ba3 42. Rc7
Kxe4 43. Rxa7 Bb2 44. Kd1 Rxf2 {0-1 Thorhallsson,T-Puri,V/WchJ U18 1987}) 17.
O-O (17. Nf3 {[%csl Rd4,Re5]} Bf6 18. Ne5 (18. O-O-O a5 19. Rhe1 a4 20. Re2
axb3 21. axb3 Bd7 22. Ne5 Rfc8+ 23. Kb1 Be8 24. f4 Nd7 25. Nxd7 Bxd7 26. f5
Bxb2 27. Kxb2 exf5 28. Re7 Rd8 29. Rc1 Kf8 30. Re5 g6 31. Rxd5 Be6 32. Rxd8+
Rxd8 33. Bc4 Bc8 34. Kc3 Bb7 35. g3 Ke7 36. Ra1 Ra8 37. Rxa8 Bxa8 38. Kd4 Kd6
39. Bg8 h6 40. Bh7 Bd5 41. b4 Bf7 42. b5 Be8 43. b6 Kc6 44. Ke5 Kxb6 45. Kf6 g5
46. Bxf5 Kc5 47. Kg7 h5 48. Kh6 h4 49. g4 Kd6 50. Kxg5 Ke5 51. Kxh4 Kf6 52. Bd3
Bd7 53. g5+ Kg7 54. Kg3 Be8 55. h4 Bh5 56. Kf4 Bf7 57. Bf5 Bh5 58. Bg4 Be8 59.
h5 Bf7 60. Bf3 Be8 61. Be2 Bf7 62. Kf5 Be8 63. g6 Kh6 64. Bc4 Kg7 65. Kg5 Kh8
66. Bd3 {1-0 Pribyl,M-Cladouras,P/BL9394 1994}) 18... Nd7 19. f4 Nxe5 20. fxe5
Be7 21. Rc1 a5 22. Rc6 a4 23. Ke2 axb3 24. axb3 Ra2 25. Rc2 Ba6 26. Ra1 Rxa1
27. Bxa1 Bxd3+ 28. Kxd3 Rb8 29. Rb2 Kf7 $15 {Zugaj,F-Potocnik,P/SLO-ch 1991/1/
2-1/2 (64)}) 17... Bf6 {1/2-1/2 Bednarski,J-Gligoric,S/Capablanca mem 1967} (
17... Bf6 18. Rab1 e5 19. Rfe1 e4 20. Bb5 Bd7 21. Ba6 Bc8 22. Bb5 Bd7 23. Ba6
Bc8 24. Bb5 {1/2-1/2 Degerman,L-Jepson,C/SWE-ch 1992})) 15. O-O Qxe4 16. Nxe4
$146 (16. Bxe4 d5 17. cxd5 cxd5 18. Bd3 a4 19. Nf3 axb3 20. axb3 Be6 $11 {
1/2-1/2 Hennings,A-Gligoric,S/Capablanca mem 1967}) 16... Be6 (16... d5 $5 17.
cxd5 cxd5 $11) 17. f4 (17. Ba3 $5 {[%cal Ga3e7] is probably the best try to
get advantage.} Rfd8 18. f4 {Now black can't break through in the centre and
white has chances to get advantage.}) 17... d5 18. cxd5 Bxd5 $1 {[%csl Ra2,Rb3]
[%cal Ga5a4]} (18... cxd5 $143 19. Ng5 $1 {[%cal Gg5h7,Gg5e6]} Bxg5 (19... Bc5+
20. Kh1 h6 21. Nxe6 fxe6 22. Rae1 $14 {[%csl Re6,Yf4][%cal Yb2e5,Ye1e6]}) 20.
fxg5 $14 {[%cal Gb2g7,Gd3h7]}) 19. Nc3 Bf6 (19... a4 $142 $5 {[%csl Rb3]} 20.
Nxd5 $140 Nxd5 $1 {[%csl Rb3,Re3,Rf4]}) 20. Nxd5 Bxb2 (20... Nxd5 $6 21. Bxf6
Nxf6 22. Rac1 $14 {[%csl Rc6]}) 21. Ne7+ (21. Nxb6 $5 Bd4+ (21... Rad8 $5 22.
Be4 $1 Bd4+ 23. Kh1 Bxb6) 22. Kh1 Bxb6 23. Rac1 $14 {[%csl Rc6]}) 21... Kh8 22.
Rab1 Bd4+ 23. Kh1 c5 24. Rfe1 {[%cal Gd3e4,Ge7c6] /\24.Be4 Rae8 25.Nc6} (24.
Be4 $2 Rae8) 24... a4 $1 {The simlest way to equlize chances.} 25. Nc6 axb3 26.
axb3 Nd5 $1 27. Be4 (27. Nxd4 cxd4 28. Be4 {Doesn't promise a lot either.})
27... Nc3 28. Nxd4 (28. Rbc1 $4 Bf2 $19 {[%csl Re4]}) 28... Rae8 $1 {This is
much stronger than 28...N:b1.} (28... Nxb1 $143 29. Bxa8 cxd4 (29... Rxa8 30.
Rxb1 cxd4 31. Kg1 $14 {[%csl Rd4]}) 30. Rxb1 (30. Bd5 Nc3 31. Bc4 Rd8 $13)
30... Rxa8 31. Kg1 $14 {[%csl Rd4][%cal Gg1f1,Gf1d3,Gb3b7]}) 29. Nf3 (29. Bc6
Rxe1+ (29... Rc8) 30. Rxe1 cxd4 {[%cal Gd4d1]} 31. Re7 $140 $2 Rd8 $1) 29...
Nxe4 (29... Nxb1 $2 30. Bxb1 Rxe1+ 31. Nxe1 Ra8 32. Nf3 $1 {[%cal Gf3d2]} (32.
Nc2 $2 Rb8) 32... Ra1 33. Nd2 $16) (29... Rxe4 {was slightly better.} 30. Rxe4
(30. Rbc1 Rfe8 $1) 30... Nxe4 $11) 30. Ne5 f5 (30... Nd6 31. Rbd1 Rd8 $4 (31...
f6) 32. Rxd6 $1 Rxd6 33. Nxf7+ Kg8 (33... Rxf7 34. Re8+) 34. Nxd6 $18) 31. Nd7
Rg8 (31... Rf7 $2 32. Nxc5 {[%cal Ge1e8]}) 32. Ne5 Rgf8 33. Nd7 $11 1/2-1/2

[Event "Pamplona"]
[Site "Pamplona"]
[Date "1999.12.30"]
[Round "4"]
[White "De la Villa Garcia, Jesus Maria"]
[Black "Illescas Cordoba, Miguel"]
[Result "0-1"]
[WhiteElo "2473"]
[BlackElo "2600"]
[Annotator "Mikhalevski,V"]
[PlyCount "72"]
[EventDate "1999.12.27"]
[EventType "tourn"]
[EventRounds "9"]
[EventCountry "ESP"]
[EventCategory "15"]
[SourceTitle "CBM 075"]
[Source "ChessBase"]
[SourceDate "2000.04.05"]
[SourceVersion "1"]
[SourceVersionDate "2000.04.05"]
[SourceQuality "1"]

1. e4 e5 2. Nf3 Nc6 3. d4 exd4 4. Nxd4 Bc5 5. Nxc6 Qf6 6. Qd2 dxc6 7. Nc3 Ne7
8. Qf4 Qe6 {Full information about this rare line you can find in my comments
of the Nataf-Romanishin,1999/CBM74 See also Botsanin-Goldin,RUS-Cup9 CBM60} (
8... Ng6 {is the main line}) 9. Bd3 O-O 10. O-O Ng6 11. Qg3 (11. Qg5 Qe5 12.
Kh1 ({Nisipeanu played} 12. Qxe5 {See below.}) 12... Be6 13. Be3 Qxg5 14. Bxg5
f6 15. Bd2 Ne5 16. Be2 Rad8 17. Bf4 b5 18. f3 Rd7 19. Rad1 Bd4 20. Rd2 Rfd8 21.
Bxe5 $2 Bxe5 22. Rxd7 Rxd7 $15 {0-1 Waldmann,G-Jankovic,A/Pula 1999/EXT 2000 
(41)}) 11... Qe5 ({Another execution of the same idea was tried by Flear:} 
11... Qd6 12. Bd2 (12. Ne2 f5 13. Nf4 fxe4 14. Nxg6 Qxg6 15. Qxg6 hxg6 16. Bxe4
Bf5 17. Bxf5 Rxf5 18. Be3 Bxe3 (18... Re8 $5 19. Rae1 Rfe5 20. Bd2 Re2 $1) 19.
fxe3 Rd8 $11 {1/2-1/2 Baklan,V-Flear,G/1998-9 French Team Ch FRA 1999 (62)})
12... f5 13. exf5 Qxg3 14. hxg3 Bxf5 15. Bxf5 Rxf5 16. Ne4 Bb6 17. Rfe1 Ne5 18.
Be3 Nc4 19. Bxb6 axb6 20. b3 Nd6 21. a4 b5 22. a5 Re5 23. Nxd6 Rxe1+ 24. Rxe1 {
1/2-1/2 Nunn,J-Flear,G/Hastings 1996/CBM 57 (24)}) 12. Qxe5 (12. Ne2 Qxg3 13.
Nxg3 Be6 14. Ne2 (14. Be2 f6 15. Kh1 a5 16. f4 Bf7 17. Bd3 Rfe8 18. Bd2 a4 19.
Nf5 Ne7 20. Nh4 Be6 21. Nf3 b5 22. h3 Rad8 23. f5 Bd7 24. Rae1 Rf8 25. g4 $14 {
1-0 Zelcic,R-Cosic,R/Zadar 1998/EXT 2000 (40)}) 14... Ne5 15. Nf4 Nxd3 16. Nxd3
Bb6 17. Re1 f5 18. e5 Rad8 19. Be3 Bxe3 20. Rxe3 b6 21. Nf4 Kf7 $11 {1/2-1/2
Golubovic,B-Berebora,F/Pula 1998/EXT 2000 (36)}) (12. Bd2 Be6 13. Rfe1 Rad8 14.
Be3 Bd6 15. Qxe5 Nxe5 16. Be2 f5 17. f4 Nc4 18. Bxc4 Bxc4 19. exf5 Rxf5 20. g3
Bb4 21. Red1 Re8 22. Bd4 g5 23. a3 Bxc3 24. Bxc3 gxf4 25. Rd4 Bd5 26. Rxf4 Rxf4
27. gxf4 Re2 28. Re1 Rg2+ 29. Kf1 Kf7 {1/2-1/2 Rogulj,B-Romanishin,O/Pula 1998/
EXT 2000 (29)}) 12... Nxe5 {The game Nisipeanu,L-Khalifman,A/Las Vegas USA
1999 was transposed to the same position.See the game below.} 13. Be2 a5 {
[%cal Ga5a4] A new move.Black's idea is to take some space on the queen side
by means of a4.} (13... Bg4 14. Bxg4 Nxg4 15. h3 Nf6 16. Re1 Rfe8 17. Kf1 Bb4
18. f3 Rad8 19. Bf4 Rd7 20. Rad1 Bxc3 21. bxc3 Red8 22. Rxd7 Rxd7 23. Ke2 Kf8
24. g4 Ne8 25. h4 Nd6 26. h5 Nb5 27. Bd2 f6 28. Rg1 h6 29. Rd1 Ke7 30. Be1 Rxd1
31. Kxd1 c5 $11 {1-0 Nisipeanu,L-Khalifman,A/Las Vegas USA 1999 (59)/CBM72
[Kostakiev]}) 14. Bf4 ({Immediate} 14. a4 {deserved an attention without
determining the position of the bishop.}) 14... f6 15. a4 Be6 16. Rad1 Rae8 $11
{The position is about equal,but I would prefer Black as his pieces are better
situated and more mobile.} 17. Nb1 {An attempt to improve position of the
knight.On c3 it had no any perspectives.} Bf7 18. Nd2 Re7 19. Bxe5 $2 {[%mdl
16384] Very strange decision.Why to change a bishop?Instead White should
prepare an advance f4 by means of 19.Bg3 and then 20.Kh1} (19. Bg3 $142 {
[%cal Gg1h1,Gf2f4]}) 19... Rxe5 20. Bd3 Bh5 $1 21. Rde1 {[%csl Ra5][%cal Gd2c4]
} Re7 $15 22. Nc4 b6 23. Nd2 $2 {[%mdl 16384] White has lost the thread.
Manoeuvre Nc4-d2-b3 can't be considered right by any means as b3 is the most
unfortunate position for the knight on the board.} (23. Kh1 $5) 23... Rd8 {
[%cal Gc5b4]} 24. Nb3 Bd6 25. Bc4+ Kh8 $1 (25... Kf8 {that seems more logical
allows} 26. f4 {[%cal Ge4e5] following by e5.}) 26. f3 Be8 {[%csl Ra4] looking
closely at the a4-pawn.} 27. Rd1 Red7 {[%csl Rd1][%cal Gd6h2,Gd6c5]} 28. Be2 (
28. Kh1 $5 $15) 28... Bf4 ({Interesting was} 28... Be5 $5 {underlining an
unfortunate position of white knight.} 29. Rxd7 $8 (29. c3 $6 Rxd1 30. Rxd1
Rxd1+ 31. Bxd1 c5 (31... Bf4 32. Nd4 Bc1 33. b3 Bd2 34. Ne2 $15) 32. Nd2) 29...
Rxd7 30. c3 (30. Rb1 Bf7 {[%csl Rd2]}) 30... Bf7 31. Rd1 Rd6 $1 $15 32. Nd4
$140 Bxd4+ 33. Rxd4 Bb3 {[%csl Ra4]}) 29. g3 $2 {[%mdl 8192] White doesn't
feel danger.} ({The only chance to save the a4-pawn was} 29. Rxd7) (29. c3 $2 {
doesn't save in view of} Be3+ 30. Kh1 Rxd1 31. Rxd1 Rxd1+ 32. Bxd1 c5 {[%csl
Ra4]} 33. Na1 $140 Bc1 $19) 29... Be3+ 30. Kg2 Rxd1 31. Rxd1 Rxd1 32. Bxd1 c5
$17 {[%csl Ra4][%cal Gc5c4]} 33. f4 c4 {Black anticipates a nice end.} (33...
Bxa4 $5 {is also sufficient for big advantage.} 34. Kf3 Bd4 35. Nxd4 (35. c3
Bxc3 $1 36. bxc3 c4 $19) 35... cxd4 $17) 34. Kf3 Bg1 35. Kg2 $2 {[%mdl 8192]
Loses at once.} (35. Nd2 {was necessary,but after} c3 $1 36. bxc3 Bxa4 {
White's chances to escape are very low.}) 35... cxb3 36. Kxg1 Bh5 $1 {[%csl
Rd1][%cal Gd1c2] Nice tactical blow and a good example on the theme of
overloading.} (36... Bh5 $1 37. Bxh5 bxc2 $19) 0-1